Passages of marriage / (Record no. 10601)

MARC details
000 -LEADER
fixed length control field 00959cam a2200289 a 4500
001 - CONTROL NUMBER
control field 24065009
003 - CONTROL NUMBER IDENTIFIER
control field OCoLC
005 - DATE AND TIME OF LATEST TRANSACTION
control field 20250129135132.0
008 - FIXED-LENGTH DATA ELEMENTS--GENERAL INFORMATION
fixed length control field 910617s1991 tnu b 000 0 eng
020 ## - INTERNATIONAL STANDARD BOOK NUMBER
International Standard Book Number 0840775822
020 ## - INTERNATIONAL STANDARD BOOK NUMBER
International Standard Book Number 9780840775825
035 ## - SYSTEM CONTROL NUMBER
System control number (OCoLC)24065009
040 ## - CATALOGING SOURCE
Original cataloging agency DLC
Transcribing agency DLC
Modifying agency BTCTA
-- BAKER
-- YDXCP
-- CKL
082 00 - DEWEY DECIMAL CLASSIFICATION NUMBER
Classification number 646.78
Edition information 20
Item number PAS 1
092 ## - LOCALLY ASSIGNED DEWEY CALL NUMBER (OCLC)
Classification number 646.782
Item number P285
245 00 - TITLE STATEMENT
Title Passages of marriage /
Statement of responsibility, etc. Frank Minirth ... [et al.].
260 ## - PUBLICATION, DISTRIBUTION, ETC.
Place of publication, distribution, etc. Nashville :
Name of publisher, distributor, etc. T. Nelson,
Date of publication, distribution, etc. c1991.
300 ## - PHYSICAL DESCRIPTION
Extent 335 p. ;
Dimensions 24 cm.
490 1# - SERIES STATEMENT
Series statement Minirth Meier Clinic series
500 ## - GENERAL NOTE
General note "A Janet Thoma book."
504 ## - BIBLIOGRAPHY, ETC. NOTE
Bibliography, etc. note Includes bibliographical references (p. [333]-335).
520 ## - SUMMARY, ETC.
Summary, etc. "Five growth stages that will take your marriage to greater intimacy and fulfillment"--Jacket subtitle.
650 #0 - SUBJECT ADDED ENTRY--TOPICAL TERM
Topical term or geographic name entry element Marriage
Geographic subdivision United States.
650 #0 - SUBJECT ADDED ENTRY--TOPICAL TERM
Topical term or geographic name entry element Communication in marriage
Geographic subdivision United States.
700 1# - ADDED ENTRY--PERSONAL NAME
Personal name Minirth, Frank B.
942 ## - ADDED ENTRY ELEMENTS (KOHA)
Source of classification or shelving scheme Dewey Decimal Classification
Koha item type Books
Suppress in OPAC No
Holdings
Withdrawn status Lost status Source of classification or shelving scheme Damaged status Not for loan Home library Current Library Shelving location Date acquired Total checkouts Full call number Barcode Date last seen Copy number Price effective from Koha item type
    Dewey Decimal Classification     GRACE BIBLE COLLEGE GRACE BIBLE COLLEGE General Studies 2025-01-29   646.78 PAS 020975 2025-05-01 c.1 2025-01-29 Books
© Grace Bible College Library 2025